| 000 | 00000nam##2200000za#4500 |
| 001 | 9.641991 |
| 003 | CaOODSP |
| 005 | 20210624223459 |
| 007 | cr ||||||||||| |
| 008 | 150407|2005||||xxc|||||o f|0| 0 fre|d |
| 040 | |aCaOODSP|bfre |
| 043 | |an-cn--- |
| 086 | 1 |aEn4-205/2005F-PDF |
| 110 | 1 |aCanada. |bEnvironnement Canada. |
| 245 | 10|aÉvaluation des immobilisations, Phase III / |h[ressource électronique]|c[par] Direction générale de la vérification et de l'évaluation. |
| 260 | |aGatineau - Québec : |bEnvironnement Canada |cJuillet 2005. |
| 300 | |a23p. |
| 590 | |a13-14-Supp|b2013-05-30 |
| 775 | 08|tCapital asset valuation, Phase III / |w(CaOODSP)9.697994 |
| 856 | 40|ahttp://publications.gc.ca|qPDF|s112 Ko|uhttps://publications.gc.ca/collections/collection_2013/ec/En4-205-2005-fra.pdf |